Quiz su Tuvalu - Statistics

Statistiche generali
  • Questo quiz è stato fatto 371 volte
  • Il punteggio medio è 9 su 13
Statistiche sulle risposte
Hint Risposta % Corretto
Lingue ufficiali Inglese
99%
Regione dell'Oceania in cui si trova Tuvalu {Poli}nesia
91%
Paese la cui bandiera appare nell'angolo in alto a sinistra della bandiera di Tuvalu Regno Unito
86%
Alimento di base proveniente dalla palma Cocco
79%
Moneta ufficiale Dollaro australiano
79%
Il 51,6% degli adulti di Tuvalu è _____, il 4 ° tasso più alto di qualsiasi paese Obeso
74%
Paese che si trova a circa 850 km a sud di Tuvalu Figi
72%
Capitale Funafuti
72%
Quello che rappresentano le nove stelle sulla bandiera di Tuvalu Isole
67%
Circa il 10% del reddito di Tuvalu proviene dai siti web stranieri che utilizzano questa estensione per i loro URL .{tv}
66%
Tipo di imbarcazione che ha portato sulle isole gli abitanti originari Canoe
50%
Tuvaluano
47%
Antico nome di Tuvalu Isole {Ellice}
31%
Nessun quiz corrispondente trovato
Distribuzione punteggi
Percentuale di utenti per punteggio
Percentile per numero di risposta
I tuoi punteggi nel tempo
Non hai fatto questo quiz